000 004520000a22001810004500
003 MACL
005 20160109134421.0
008 160109b xxu||||| |||| 00| 0 eng d
040 _aMACL
_cMACL
041 _aEnglish
082 _a920/AHL
100 _aAhluwalia, B K
_913970
245 _aArchitects Of Swaraj
260 _bIntellectual Publishing House
_c1982
_aNew Delhi
350 _a80
650 _aBiography
_930437
942 _cBK
_k920/AHL
_2ddc
999 _c33763
_d33763